01001nam a2200277Ia 450000500170000000800410001702000150005810000370007324500830011025000180019330000310021149000280024265000360027065000400030665000410034665000420038765000470042970000430047674000430051926400270056233600270058933700330061633800280064904000350067708400110071220220317000520.0160601s2004 xx a g 000 0 spa  a95804386251 aWells, Herbert Georged1866-194613aLa isla del Doctor Moreau cH. G. Wells ; traducción Eva Zimerman de Aguirre a1a edición  a179, 75 páginas c19 cm  aColección Cara y Cruz142LEMBaNovela inglesa ySiglo XX142LEMBaLiteratura inglesa ySiglo XX142LEMBaExperimentos en la literatura 142LEMBaCientíficos en la literatura 142LEMB aCiencia ficción en la literatura 1 aZímerman de Aguirre, Evaetraductor  aA propósito de H. G. Wells y su obra aBogotá bNormac2004 atextobtxt2rdacontent asin mediaciónbn2rdamedia avolumenbnc2rdacarrier aCO-BoRNBPbspaerdacCO-BoRNBP aN WEL1